000 00843nam a2200241Ia 4500
003 GCL
008 140319s9999 xx 000 0 ara d
040 _aGCL /
_cGCL
082 0 4 _aق
_b378.05
_bس ج
100 1 _aسامية حسن ابراهيم
245 1 0 _aالجامعة الأهلية بين النشأة والتطور /
_cسامية حسن ابراهيم
260 _a[S.N] :
_bالهيئة المصرية العامة للكتاب ،
_c1985
300 _a166 ص
490 _aمصر النهضة
_v0
650 0 4 _aالعصر الحديث
650 0 4 _aمصر
650 0 4 _aتاريخ
650 0 4 _aمركز وثائق وتاريخ مصر المعاصر
650 0 4 _aجامعة القاهرة
650 0 4 _aالجامعات والكليات
650 0 4 _aالحزب الوطنى الديمقراطى
942 _2ddc
_cBK
999 _c52444
_d52444